00383nam a22001337a 450000500170000000800410001704100230005808200120008110000230009324500310011626000460014730000300019365000260022320240719070339.0240719b |||||||| |||| 00| 0 eng d aEnglish/Afrikaans  a349 SOU lEnglish/Afrikaans  aSouth African Law Reports  aCape Town: bJuta and Company Ltd, c1978 bxx, 1200 pages; c26 cm.  aLegal practice bLaw